| 000 | 00514nam a2200145Ia 4500 | ||
|---|---|---|---|
| 008 | 140724s9999 xx 000 0 und d | ||
| 050 |
_aHM 35 _b.Sa235 2013 |
||
| 100 | _aSantiaguel, Kirby. | ||
| 245 |
_aFactors affecting loyalty and productivity of employees of Erjohn and Almark Transit / _cKirby Santiaguel. |
||
| 260 |
_aLas PiƱas, Philippines : _bSouthville International School and Colleges, _cc2013. |
||
| 300 |
_a41 p. : _c28 cm. |
||
| 521 | _aHuman Resource Management | ||
| 942 | _cTH | ||
| 999 |
_c228770 _d228770 |
||